000 01026nam a2200265Ia 4500
003 OSt
005 20221005105454.0
006 a|||||r|||| 00| 0
007 ta
008 221004b |||||||| |||| 00| 0 hin d
020 _a8188122378 (hbk)
_c100
024 _a122052
037 _b13338, 23/07/2012, Kitab Ghar
_cTextual
040 _aCRL
_cCRL
_bhin
041 _2hin
_ahin
082 _aO15,3D20,1, 152K0,P6
100 _aशर्मा, विष्णु
245 0 _aपंचतन्त्र
_b संस्कृत भाषा का गौरव - ग्रन्थ
246 _aPanchatantra: sanskṛut bhāṣhā kā gaurav - grantha
260 _aनई दिल्ली
_bभारतीय प्रकाशन भारत
_c2011
300 _a151पृ0
_ccm.
650 _aसंस्कृत साहित्य
942 _hO15,3D20,1, 152K0,P6
_cTEXL
_2cc
999 _c1015935
_d1015935